| 000 | 00572nam a2200205 i 4500 | ||
|---|---|---|---|
| 001 | 58215 | ||
| 003 | ES-MaACL | ||
| 005 | 20230906163742.0 | ||
| 007 | t| | ||
| 008 | 031021s1986 sp ||||1| spa d | ||
| 020 | _a84-398-7173-2 | ||
| 100 | 1 |
_aDurán, Emilio. _946178 |
|
| 245 | 1 | 3 |
_aLa luna de la Menara / _cEmilio Durán. |
| 260 |
_a[S.l. : _bs.n., _c1986] ( _eSevilla : _fGráf. Rublan) |
||
| 300 |
_a50 p. ; _c17 cm. |
||
| 490 | 1 | _aEl carro de la nieve | |
| 830 | 0 |
_aEl carro de la nieve _9182639 |
|
| 852 |
_aES-MaACL _jL-12551 _bR.113170 |
||
| 999 |
_c58215 _d58215 |
||